000 00313nam a22001457a 4500
003 OSt
005 20160727222352.0
008 160622b xxu||||| |||| 00| 0 eng d
040 _cTEST
100 _9420
_aHerriot
245 _aVet in a Spin
260 _aLON
_bPan Book
300 _aVet in a Spin
942 _2ddc
_cBK
999 _c343
_d343